| 000 | 00696nam a22002297a 4500 | ||
|---|---|---|---|
| 003 | OSt | ||
| 005 | 20260423072353.0 | ||
| 008 | 260423b |||||||| |||| 00| 0 eng d | ||
| 020 | _a0321227360 | ||
| 040 |
_aDWC-Main lib. _cOC |
||
| 082 |
_28th edition. _aCirc. 516.24 L693t 2006 |
||
| 100 | _aLial, Margaret L. | ||
| 245 |
_aTrigonometry/ _cMargaret L. Lial |
||
| 260 |
_aSingapore : _bPearson Education, _cc2006. |
||
| 300 |
_axiii, 474 pages : _billustrations ; _c26 cm. |
||
| 504 | _aIncludes index and glossary. | ||
| 650 | _a1. Trigonometry. | ||
| 700 | _aHornsby, John | ||
| 700 | _aSchneider, David | ||
| 760 | _b8th edition. | ||
| 942 |
_2ddc _cBK-CIRC _e8th edition. _hCirc. _n0 |
||
| 999 |
_c9806 _d9806 |
||